Culture Générale - Série 1964 - Statistiques

Statistiques générales
  • Ce quiz a été pris 86 fois
  • Le résultat moyen est 4 sur 10
Statistiques - réponses
Question Réponse % Correct
Ce prénom est aussi avant le lever du soleil Aurore
81%
Quelle est la capitale du Liechtenstein ? Vaduz
81%
Ce terme désigne un oiseau exotique et une publication qui fournit des renseignements spécialisés (cote des voitures ...) voir photo argus
68%
Dans la mythologie grecque, quelle est la déesse du mariage ? Héra
49%
Dans quel pays du continent américain se situe le volcan "Pacaya" ? Guatemala
31%
Qui a écrit "Le pendule de Foucault" ? Umberto Eco
31%
Quel mot issu du milieu de la tauromachie désigne un concert de huées ? bronca
28%
C'est un satellite de Saturne et dans la mythologie grecque, la mère de Zeus Rhéa
19%
Sous quel nom connait-on mieux la chanteuse française Jacqueline Cuchet Jakie Quartz
4%
Caramel long aromatisé au miel ou à la cassonade originaire de Furnes dans le Westhoek (Flandre occidentale) et très populaire à Lille babelutte
3%
Aucun quiz correspondant
Distribution des résultats
% des personnes avec chaque résultat
Percentile par nombre de réponses
Votre historique - résultats
Vous n’avez pas pris ce quiz